Statystyki dla Logo quiz

Kliknij tutaj aby rozwiązać quiz!

Ogólne statystyki

  • Ten quiz został rozwiązany 423 razy
  • Średni wynik to 50 z 64

Statystyki odpowiedzi

Odpowiedź% Poprawnych
Pepsi
100%
Adidas
99%
KFC
99%
Monster
99%
Nike
99%
Puma
99%
Google
96%
McDonald's
96%
Netflix
96%
Red Bull
96%
Wikipedia
96%
Instagram
95%
Minecraft
95%
Youtube
95%
BMW
93%
Lipton
93%
Spotify
93%
Audi
92%
Ford
92%
Fc Barcelona
90%
Skoda
90%
Sprite
90%
ING
89%
Jetpunk
89%
Opel
88%
Skype
88%
Visa
88%
Xbox
88%
Starbucks
87%
Honda
86%
Cartoon Network
85%
Burger King
84%
Knorr
84%
Subway
84%
PayPal
83%
Play Station
83%
Microsoft
82%
Ferrari
79%
Citroen
78%
Real Madryt
78%
Shell
78%
Fila
76%
Volkswagen
76%
Domino's
75%
Mazda
75%
Monopoly
74%
Seat
73%
Algida
72%
Mercedes Benz
70%
Nissan
69%
Nintendo
63%
Juventus
62%
Mountain Dew
60%
Safari
60%
Rolex
59%
Subaru
59%
Arsenal
57%
Manchester United
57%
Chelsea
52%
Porshe
52%
Bayern Munchen
27%
John Deere
26%
NBC
21%
Legia Warszwa
13%

Rozkład punktacji

Percentyl według liczby udzielonych odpowiedzi

Procent ludzi z każdym wynikiem

Twoja historia wyników

Nie rozwiązałeś tego quizu